[Event "US Masters qual"]
[Site "Hendersonville"]
[Date "2007.03.10"]
[Round "1"]
[White "Andrews, Todd D"]
[Black "Christensen, Wayne"]
[Result "1-0"]
[WhiteElo "2366"]
[BlackElo "2149"]
[PlyCount "67"]
[EventDate "2007.03.10"]
[EventType "swiss"]
[EventRounds "9"]
[EventCountry "USA"]
[SourceTitle "EXT 2011"]
[Source "ChessBase"]
[SourceDate "2010.11.26"]
[SourceVersion "1"]
[SourceVersionDate "2010.11.26"]
[SourceQuality "1"]

1. e4 e5 2. Nf3 Nc6 3. Bb5 a6 4. Ba4 Nf6 5. 0-0 Be7 6. Qe2 b5 7. Bb3 d6 8. c3 0-0 9. h3 Na5 10. Bc2 c5 11. d4 Qc7 12. d5 Bd7 13. b3 Ne8 14. Rd1 g6 15. Bh6 Ng7 16. Nbd2 Rac8 17. Nf1 Nb7 18. g4 Nd8 19. Ng3 f6 20. Kg2 Nf7 21. Bd2 Kh8 22. Rh1 Rg8 23. Rag1 Rcf8 24. Kf1 Qc8 25. Ne1 f5 26. exf5 gxf5 27. gxf5 Bh4 28. f6 Bxh3+ 29. Ng2 Bxg3 30. Bxh7 Nh6 31. Qd3 Rxf6 32. Qxg3 Bxg2+ 33. Qxg2 Ngf5 34. Bxg8 1-0

[Event "Philadelphia opI"]
[Site "Philadelphia"]
[Date "1992.??.??"]
[Round "1"]
[White "Christensen, Wayne"]
[Black "Ardaman, Miles"]
[Result "0-1"]
[WhiteElo "2205"]
[BlackElo "2410"]
[PlyCount "82"]
[EventDate "1992.??.??"]
[EventType "swiss"]
[EventRounds "9"]
[EventCountry "USA"]
[SourceTitle "TD"]
[Source "ChessBase"]
[SourceDate "1994.03.01"]
[SourceVersion "1"]
[SourceVersionDate "1994.03.01"]
[SourceQuality "1"]

1. e4 a6 2. d4 b5 3. Nf3 Bb7 4. Bd3 d6 5. 0-0 Nd7 6. Re1 e5 7. c3 Ngf6 8. Nbd2 Be7 9. a4 c6 10. Nf1 0-0 11. h3 Qc7 12. Bg5 h6 13. Bh4 Rfe8 14. dxe5 dxe5 15. N3h2 Nc5 16. Bc2 Red8 17. Qf3 bxa4 18. Ne3 Nh7 19. Bxe7 Qxe7 20. Nf5 Qf8 21. Ng4 f6 22. Qe3 Ng5 23. Bxa4 Rd3 24. Qe2 Rad8 25. Red1 h5 26. Rxd3 Nxd3 27. Nge3 g6 28. Ng3 h4 29. Ngf1 Nxe4 30. Bc2 Nexf2 31. Ra4 f5 32. Rxh4 e4 33. Ng3 Qf7 34. b4 Bc8 35. Qd2 f4 36. Nef5 Bxf5 37. Rxf4 Qh7 38. Bb3+ Kg7 39. Nxf5+ gxf5 40. Rxf2 e3 41. Qe2 exf2+ 0-1

[Event "Philadelphia opI"]
[Site "Philadelphia"]
[Date "1992.??.??"]
[Round "8"]
[White "Christensen, Wayne"]
[Black "Hoyos Millan, Luis Bernardo"]
[Result "0-1"]
[WhiteElo "2205"]
[BlackElo "2215"]
[PlyCount "64"]
[EventDate "1992.??.??"]
[EventType "swiss"]
[EventRounds "9"]
[EventCountry "USA"]
[SourceTitle "EXT 2003"]
[Source "ChessBase"]
[SourceDate "2002.11.25"]
[SourceVersion "1"]
[SourceVersionDate "2002.11.25"]
[SourceQuality "1"]

1. e4 c5 2. c3 Nf6 3. e5 Nd5 4. d4 cxd4 5. Nf3 b6 6. Bc4 Bb7 7. 0-0 Na6 8. cxd4 e6 9. a3 Be7 10. Bd2 Rc8 11. Bd3 Nac7 12. Qe2 f5 13. exf6 Nxf6 14. Nc3 0-0 15. Ne5 Ba8 16. Rad1 Nce8 17. Bb1 Nd6 18. Bc1 Qc7 19. f4 Rce8 20. Rd3 Nf5 21. Rh3 Qb7 22. d5 Bc5+ 23. Kh1 d6 24. dxe6 Nd4 25. Qf2 dxe5 26. b4 Be7 27. Rg1 g6 28. Be3 Ng4 29. Qd2 Rd8 30. fxe5 Nf5 31. Qe2 Nfxe3 32. Rxe3 Nf2+ 0-1

[Event "World op 20th"]
[Site "Philadelphia"]
[Date "1992.??.??"]
[Round "5"]
[White "Christensen, Wayne"]
[Black "Karklins, Andrew"]
[Result "0-1"]
[WhiteElo "2205"]
[BlackElo "2320"]
[PlyCount "42"]
[EventDate "1992.06.??"]
[EventType "swiss"]
[EventRounds "9"]
[EventCountry "USA"]
[SourceTitle "TD"]
[Source "ChessBase"]
[SourceDate "1994.03.01"]
[SourceVersion "1"]
[SourceVersionDate "1994.03.01"]
[SourceQuality "1"]

1. d4 Nf6 2. c4 g6 3. Nc3 Bg7 4. e4 d6 5. Nf3 0-0 6. Be2 e5 7. 0-0 Nh5 8. Be3 Nf4 9. Re1 Nxe2+ 10. Qxe2 f5 11. exf5 Bxf5 12. Bg5 Qc8 13. dxe5 Nc6 14. exd6 Bg4 15. Nd5 cxd6 16. Ne7+ Nxe7 17. Bxe7 Bxf3 18. gxf3 Rf4 19. Rac1 Be5 20. c5 Qh3 21. cxd6 Rg4+ 0-1